Disposicions legals que regulen el funcionament dels sindicats agrícoles a Catalunya
Descripción Física:
27 p. ; 24 cm
MARC
| LEADER | 00000nam a2200000Ia 4500 | ||
|---|---|---|---|
| 001 | 8249 | ||
| 008 | 160829s1937 xx 000 0 cat d | ||
| 080 | |a RF-6-10 | ||
| 245 | |a Disposicions legals que regulen el funcionament dels sindicats agrícoles a Catalunya | ||
| 250 | |a 2a ed. | ||
| 260 | |a Barcelona : |b Generalitat de Catalunya, Departament d'Agricultura, |c 1937 | ||
| 300 | |a 27 p. ; |c 24 cm | ||
| 650 | |a Treballadors agrícoles |x Sindicats |x Dret i legislació |x Catalunya |9 28180 | ||
| 710 | 1 | |a Catalunya. |b Departament d'Agricultura |9 55594 | |
| 856 | 4 | |u https://media.diba.cat/diba/fitxers/arxiu/fulletons/bib_8249_1937_baixa.pdf |y Accés lliure | |
| 856 | 4 | |u https://media.diba.cat/diba/fitxers/arxiu/fulletons/bib_8249_1937_baixa.pdf |y Accés lliure | |
| 901 | |a Arxiu | ||
| 942 | |n 1 |2 udc | ||
| 952 | |0 0 |1 0 |4 0 |6 RF610 |7 1 |9 44709 |a Arxiu |b Arxiu |d 2016-12-01 |l 0 |o RF-6-10 |p 8249 |r 2016-12-01 00:00:00 |w 2016-12-01 |y ARXIU | ||
| 999 | |c 47290 |d 47290 | ||
| 900 | |a bib_8249_1937_baixa.pdf | ||